Województwo śląskie - quiz wielokrotnego wyboru - Statystyki

Ogólne statystyki
  • Ten quiz został rozwiązany 106 razy
    56 od ostatniego zresetowania
  • Średni wynik to 11 z 15
Statystyki odpowiedzi
Zagadnienie Odpowiedź % Poprawnych
Jaka jest stolica Województwa Śląskiego? Katowice
100%
Z iloma państwami graniczy Województwo Śląskie? 2
97%
Który z tych miast NIE należy do województwa Śląskiego? Radomsko
97%
Tak czy nie? Województwo Śląskie jest jedynym województwem w Polsce, które ma więcej miast na prawach powiatu niż zwykłych powiatów. Tak
97%
Które z tych województw NIE graniczy z Województwem Śląskim? Wielkopolskie
94%
Jakie to są państwa? Czechy, Słowacja
91%
Gdzie znajduje się jedyny port lotniczy na Śląsku? W Pyrzowicach
88%
Gdzie znajduje się statua psa Reksio? W Bielsko-Białej
82%
Jakie jest drugie największe miasto w Województwie Śląskim? (pod względem ludności) Częstochowa
76%
Jakie jest czwarte największe miasto w Województwie Śląskim? (pod względem ludności) Gliwice
61%
Jakie jest trzecie największe miasto w Województwie Śląskim? (pod względem ludności) Sosnowiec
61%
Jaka jest gęstość zaludnienia? 354,8 osób na km2
39%
Ile mieszkańców ma Województwo Śląskie? (jeżeli się pomyliłem to zaznacz to co najbliższe) 4,3 mln
36%
Jaki jest najwyższy szczyt województwa Śląskiego? Góra Pięciu Kopców
30%
Gdzie się znajduje siedziba firmy Żywiec Zdrój? W Cięcinie
27%
Nie znaleziono quizów pasujących do podanych kryteriów
Rozkład punktacji
Procent ludzi z każdym wynikiem
Percentyl według liczby udzielonych odpowiedzi
Twoja historia wyników
Nie rozwiązałeś tego quizu od ostatniego zresetowania